000 00990nam a2200313 a 4500
001 000007137
003 DO-SdBNP
005 20240312132608.0
007 000007137
008 090717s2017 mx 001 0 spa d
020 _z9789681651695
040 _aBPMSU
_bspa
_cBPMSU
082 4 _aM863.6
_bA698h 2017
_222
100 1 _aAridjis, Homero,
_d940-
245 1 3 _aEl poeta niño /
_cHomero Aridjis.
_b
260 _aMéxico :
_bFondo de Cultura Económica ;
_c2017
300 _a171 p. ;
_c23 cm.
_b
490 0 _aTierra firme
500 _aIncluye datos biogràficos del autor en la contracubierta
590 _aInventariado, 2024/VM
650 4 _aCuentos mexicanos.
650 4 _aVida cotidiana.
_vCuentos.
650 4 _aAmistad
_vCuentos.
650 4 _aCuentos de fantasmas.
710 2 _aFondo de Cultura Económica (México)
710 2 _aInstituto Nacional de Antropología e Historia (México)
910 _aVMateo V. Control de calidad BPMSU
942 _2ddc
_cBK
999 _c14587
_d14587